Los 5 países con menos línea costera por continente - Estadísticas

Estadísticas generales
  • Esta prueba ha sido intentada 39 veces
  • La puntuación promedio es 20 de 30
Estadísticas de respuestas
Continente Kilometros País % Correcto
América del Sur 459 Guyana
91%
América del Sur 660 Uruguay
91%
América del Sur 2,237 Ecuador
88%
Europa 4,1 Mónaco
88%
América del Sur 386 Surinam
88%
Europa 20 Bosnia y Herzegovina
85%
Oceanía 30 Nauru
82%
Oceanía 419 Tonga
79%
África 80 Gambia
76%
América del Sur 2,414 Perú
76%
Europa 46,6 Eslovenia
73%
Oceanía 1,129 Fiyi
73%
América del Norte 97 Barbados
70%
Asia 161 Baréin
67%
Asia 161 Brunei
67%
Oceanía 403 Samoa
67%
América del Norte 135 San Cristóbal y Nieves
67%
América del Norte 84 San Vicente y las Granadinas
64%
África 56 Togo
64%
África 121 Benin
61%
África 37 República Democrática del Congo
61%
Oceanía 24 Tuvalu
61%
Europa 66,5 Bélgica
58%
Europa 90 Lituania
58%
América del Norte 148 Dominica
55%
América del Norte 121 Granada
52%
África 169 República del Congo
52%
Asia 26 Jordania
39%
Asia 193 Siria
33%
Asia 58 Irak
30%
No se encontraron pruebas coincidentes
Distribución de puntuación
Porcentaje de gente con cada puntuación
Porcentaje por número respondido
Historial de tus puntuaciones
No has intentado esta prueba.